松山原造 : 土を養う理想の犂を
Gardado en:
| Autor Principal: | |
|---|---|
| Formato: | Libro |
| Idioma: | Undetermined |
| Publicado: |
長野
銀河書房
1989
|
| Những chủ đề: | |
| Các nhãn: |
Engadir etiqueta
Sen Etiquetas, Sexa o primeiro en etiquetar este rexistro!
|
| Thư viện lưu trữ: | Trung tâm Học liệu Trường Đại học Cần Thơ |
|---|
| LEADER | 00545nam a2200205Ia 4500 | ||
|---|---|---|---|
| 001 | CTU_88488 | ||
| 008 | 210402s9999 xx 000 0 und d | ||
| 082 | |a 920 | ||
| 082 | |b M685 | ||
| 100 | |a 宮坂勝彦(みやさか かつひこ) | ||
| 245 | 0 | |a 松山原造 : | |
| 245 | 0 | |b 土を養う理想の犂を | |
| 245 | 0 | |c 宮坂勝彦 | |
| 260 | |a 長野 | ||
| 260 | |b 銀河書房 | ||
| 260 | |c 1989 | ||
| 650 | |a Celebrities | ||
| 650 | |x Biography | ||
| 904 | |i Ngoc,Hải | ||
| 980 | |a Trung tâm Học liệu Trường Đại học Cần Thơ | ||